000 00413nam a22001697a 4500
003 MACL
005 20160115123636.0
008 160115b xxu||||| |||| 00| 0 eng d
040 _cMACL
041 _aEnglish
082 _a330/AGA
100 _aAgarwal,Manmohan
_932518
245 _aIndia's Economic Future
260 _aNew Delhi
_bSocial Science Press
_c2009
650 _aEconomic
_932519
942 _2ddc
_cBK
999 _c52392
_d52392